| 000 | 00318nam a2200109Ia 4500 | ||
|---|---|---|---|
| 008 | 230907s9999||||xx |||||||||||||| ||und|| | ||
| 082 |
_a364.153095491 _bDIS |
||
| 245 | 0 | _aDisputed Legacies : | |
| 260 |
_aIDRC ; CRDI ; Simorgh Women's Resource and Publication Centre, _bLahore : _c2019 |
||
| 300 | _a494 p. | ||
| 942 | _cBK | ||
| 999 |
_c599422 _d599422 |
||